| 000 | 01344aam a2200373 i 4500 | ||
|---|---|---|---|
| 001 | 768714001 | ||
| 003 | CO-MdFUSB | ||
| 005 | 20241122115029.0 | ||
| 007 | ta | ||
| 008 | 160823t1981 us ||||| |||| 00| 0 eng d | ||
| 020 | _a0934774110 | ||
| 040 |
_cCO-MdFUSB _bspa. _aCO-MdFUSB _dCO-MdFUSBC _erda |
||
| 041 | _aeng | ||
| 082 | 0 | 4 |
_a492.4 _223 _bN532 |
| 245 | 1 | 0 |
_aThe new Brown, Driver, and Briggs hebrew and English lexicon of the Old Testament _c/ editado por Francis Brown ; colaborado por S. R. Driver , Charles A. Briggs |
| 264 | 1 |
_aLafayette, Indiana, USA : _bAssociated Publishers and Authors, _c[1981] |
|
| 264 | 4 | _c©1981 | |
| 300 |
_a1176 Pag. _c; |
||
| 336 |
_2rdacontent _atexto _btxt |
||
| 337 |
_2rdamedia _asin mediación _bn |
||
| 338 |
_2rdacarrier _avideodisco _bnc |
||
| 505 | _aCodificado numéricamente según la Concordancia Exhastiva de Strong. Con un apéndice que contiene el arameo bíblico y con un índice. | ||
| 563 | _aPasta dura | ||
| 630 | 0 | 7 |
_aBiblia. _pAntiguo Testamento _vLéxicos. |
| 653 | _aHebrew-Aramic | ||
| 653 | _aLexicon | ||
| 653 | _aEnglish | ||
| 700 |
_96345 _aBrown, Francis, _eeditor |
||
| 700 |
_93901 _aDriver, Samuel Rolles, _ecolaborador |
||
| 700 |
_96193 _aBriggs, Charles Augustus. _ecolaborador |
||
| 942 | _cBK | ||
| 945 | _aJTF-925 | ||
| 999 |
_c31909 _d31909 |
||